1866 1972 1351 1285 1144 1405 1653 1235 1508 1694 1974 1314 1513 1993 1723 1045 1695 1037 1482 1125 1924 1588 1850 1169 1377 1176 1495 1101 1270 1079 1513 1581 1142 1252 1942 1250 1909 1442 1662 1115 1475 1389 1783 1978 1583 1045 1182 1303 1245 1949 1934 1052 1036 1600 1106 1737 1007 1551 1616 1844 1585 1295 1516 1091 1153 1949 1238 1929 1496 1974 1244 1183 1837 1042 1261 1651 1776 1614 1543 1054 1746 1784 1004 1258 1241 1103 1943 1737 1020 1230 1666 1128 1827 1734 1447 1066 1791 1176 1563 BCNSPRNW ULIB Ver.6.0+V

เปลี่ยนเป็นภาษาไทย

Change to English
 แสดงรายละเอียดบรรณานุกรม
  กลับหน้าหลัก

Brief Record : Get Marc (ISO 2709) : E-mail record : QR code < ปิดหน้าต่าง
LEADER : 00000nam 2200000uu 4500
001    13399108703
003     ULIB
008    110311s2553||||th 000 0 tha d
020    9789742359188
060 04 QZ200^bส253ส 2553
100 0  สมนึก ช้างพลาย
245 10 202 สูตรสุดยอดอาหารยับยั้งมะเร็ง :^bสำหรับผู้ป่วยโรคมะเร็งที่อยู่ระหว่างการให้เคมีบำบัด /^cสมนึก ช้างพลาย
250    พิมพ์ครั้งที่ 1
260    กรุงเทพฯ :^bบุ๊ค อิส,^c2553
300    320 หน้า :^bภาพประกอบ ;^c21 ซม.
650  7 อาหารสำหรับผู้ป่วย
650  7 การปรุงอาหาร
650  7 มะเร็ง^xโภชนบำบัด
650  7 มะเร็ง^xการรักษา
945    ^p199^l0^i027202
945    ^p199^l0^i027203
995    ทศพร
999 ^a ใช้งานได้ทุกระบบ
รายการนี้ยังไม่มีแท็ก
คุณยังไม่ได้ล็อกอิน คุณสามารถมีกิจกรรมร่วมกับเว็บไซต์ได้ แต่ต้องล็อกอินก่อน ::
  ล็อกอิน

รายการสื่อสารสนเทศ

ลำดับที่ ประเภท เลขเรียก/บาร์โค้ด สถานที่ สถานะ
1. วิทยาศาสตร์การแพทย์ และสุขภาพ
หนังสือสำรอง
สถานะ=หนังสือสำรอง
QZ200 ส253ส 2553 ฉ.1 
  Barcode: 027202
ห้องสมุดวิทยาเขตสวรรค์ประชารักษ์
►ส่วนจัดเก็บหนังสือเก่า สปร
บนชั้น
  ขอยืม
2. วิทยาศาสตร์การแพทย์ และสุขภาพ
วิทยาศาสตร์การแพทย์ และสุขภาพ
QZ200 ส253ส 2553 ฉ.2 
  Barcode: 027203
ห้องสมุดวิทยาเขตสวรรค์ประชารักษ์
►ส่วนจัดเก็บหนังสือเก่า สปร
บนชั้น
  ขอยืม

รายการใกล้เคียง
    ผู้แต่ง [สมนึก ช้างพลาย]

    หัวเรื่อง [อาหารสำหรับผู้ป่วย]
    หัวเรื่อง [การปรุงอาหาร]
    หัวเรื่อง [มะเร็ง การรักษา]

BibComment


ยังไม่เคยถูกคอมเมนท์

คอมเมนท์ทรัพยากรรายการนี้
  คอมเมนท์: 202 สูตรสุดยอดอาห..


 Copyright 2026. Bcnsprnw @Library